ბათუმის შოთა რუსთაველის სახელმწიფო უნივერსიტეტის ბიბლიოთეკა

Building Your Career (ბიბ.ჩანაწერი № 51488)

000 -LEADER
fixed length control field 00642nam a2200265Ia 4500
001 - CONTROL NUMBER
control field 18474
003 - CONTROL NUMBER IDENTIFIER
control field GE_BSU
008 - FIXED-LENGTH DATA ELEMENTS--GENERAL INFORMATION
fixed length control field 181216s||||||||xx |||||||||||||| ||und||
020 ## - INTERNATIONAL STANDARD BOOK NUMBER
International Standard Book Number 9780137084524
040 ## - CATALOGING SOURCE
Transcribing agency GE_BSU
080 ## - UNIVERSAL DECIMAL CLASSIFICATION NUMBER
Universal Decimal Classification number 005
100 ## - MAIN ENTRY--PERSONAL NAME
Personal name Sears, S.J. Gordon, V.N.
245 ## - TITLE STATEMENT
Title Building Your Career
245 #2 - TITLE STATEMENT
Remainder of title A Guide to your Future
250 ## - EDITION STATEMENT
Edition statement Fourth edition
260 ## - PUBLICATION, DISTRIBUTION, ETC.
Place of publication, distribution, etc. Boston
260 ## - PUBLICATION, DISTRIBUTION, ETC.
Name of publisher, distributor, etc. Pearson
260 ## - PUBLICATION, DISTRIBUTION, ETC.
Date of publication, distribution, etc. 2011
300 ## - PHYSICAL DESCRIPTION
Extent 121 p. 28 cm.
653 ## - INDEX TERM--UNCONTROLLED
Uncontrolled term Building Your Career
653 ## - INDEX TERM--UNCONTROLLED
Uncontrolled term კარიერა
653 ## - INDEX TERM--UNCONTROLLED
Uncontrolled term მართვა
653 ## - INDEX TERM--UNCONTROLLED
Uncontrolled term მენეჯმენტი
942 ## - ADDED ENTRY ELEMENTS (KOHA)
Koha item type წიგნი
ეგზემპლარები
Withdrawn status Lost status Damaged status Not for loan Date acquired Barcode Date last seen Price effective from Koha item type
        2018-12-17 47304 2018-12-17 2018-12-17 წიგნი